000 00292nam a22001337a 4500
003 SGT
082 _a617.6342
_bP12M
100 _aMITRA, MAHAK
245 _aPAIN MANAGEMENT IN ENDODONTICS
260 _aSGTU
_c2021
300 _a170
650 _aCONSERVATIVE DENTISTRY
942 _2ddc
_cTH
999 _c21122
_d21122